Namen aller ICE 2-Züge - Statistiken

Allgemein
  • Dieses Quiz wurde 8 mal gespielt
  • Das Durchschnittsergebnis liegt bei 20 aus 33
Antwortstatistiken
Bundesland Name % Korrekt
Saarland Saarbrücken
100%
Nordrhein-Westfalen Bonn
86%
Brandenburg Frankfurt (Oder)
86%
Mecklenburg-Vorpommern Bergen (Rügen)
71%
Nordrhein-Westfalen Bielefeld
71%
Niedersachsen Braunschweig
71%
Nordrhein-Westfalen Essen
71%
Brandenburg Jüterbog
71%
Rheinland-Pfalz Koblenz
71%
Sachsen-Anhalt Lutherstadt Wittenberg
71%
Sachsen-Anhalt Magdeburg
71%
Thüringen Altenburg
57%
Sachsen Bautzen
57%
Sachsen-Anhalt Bitterfeld-Wolfen
57%
Sachsen Delitzsch
57%
Brandenburg Eberswalde
57%
Sachsen Görlitz
57%
Nordrhein-Westfalen Hagen
57%
Brandenburg Lübbenau (Spreewald)
57%
Thüringen Meiningen
57%
Nordrhein-Westfalen Minden (Westfalen)
57%
Brandenburg Nauen
57%
Mecklenburg-Vorpommern Neustrelitz
57%
Niedersachsen Oldenburg
57%
Thüringen Saalfeld
57%
Mecklenburg-Vorpommern Schwerin
57%
Niedersachsen Uelzen
57%
Hessen Bad Hersfeld
43%
Brandenburg Templin
43%
Baden-Württemberg Ulm
43%
Nordrhein-Westfalen Wuppertal
43%
Brandenburg Rheinsberg
29%
Sachsen-Anhalt Quedlinburg
14%
Keine übereinstimmenden Quizze gefunden
Verteilung der Resultate
Anzahl Personen mit jedem Resultat
Perzentil nach korrekt beantworteten Fragen
Ihre Resultats-Entwicklung
Sie haben dieses Quiz noch nicht gespielt